000 00457nam a2200169Ia 4500
008 230714s9999 xx 000 0 und d
020 _a9790000000000
041 _aeng
082 _a004.6
_bSAX
100 _aSaxena R.P.
_9198457
245 _aGovernments Of The Future In The ICT Era
260 _c2015
_bSPD
300 _a372
365 _cRs.
_b650.00
700 _aSaxena R.P.
_9198457
906 _dO:0487120-Jan-2016B:SE/SI/264913-Oct-2015
_cIT
_b325
999 _c216854
_d216854